000
00214 a2200097 4500
001
58648
100
_a
245
_a
Historians dispute
260
_a
Lahore
_b
Progressive Publications
_c
1992
090
_c
35972
_d
35972
942
_a
NUST-CAE
_c
_c
28860
999
_c
293721
_d
293721